00000000cam 2200000zi 4500
0019.958073
003CaOODSP
00520251209095448
006m     o  d f      
007cr |n|||||||||
008251209e20251205onca    ob   f000 0 eng d
040 |aCaOODSP|beng|erda|cCaOODSP
043 |an-cn---
0861 |aH113-9/2025-14E-PDF
24500|a2-Phenethyl propionate, nuranone, geraniol, eugenol, and Japanese beetle trap refill.
264 1|aOttawa, Ontario : |bHealth Canada = Santé Canada, |c5 December 2025.
264 4|c©2025
300 |a1 online resource (34 pages) : |bfigures.
336 |atext|btxt|2rdacontent
337 |acomputer|bc|2rdamedia
338 |aonline resource|bcr|2rdacarrier
4901 |aProposed registration decision, |x1925-0886 ; |vPRD2025-14
500 |aIssued also in French under title: Propionate de 2-phénéthyle, nuranone, géraniol, eugénol et recharge pour piège à scarabées japonais.
500 |a"This document is published by the Health Canada Pest Management Regulatory Agency."
504 |aIncludes bibliographical references.
650 0|aPesticides|xCertification|zCanada.
650 0|aPesticides|xRisk assessment|zCanada.
650 0|aPesticides|xHealth aspects.
650 0|aPesticides|xEnvironmental aspects.
650 0|aPesticides|xToxicology.
7101 |aCanada. |bPest Management Regulatory Agency, |eissuing body.
77508|tPropionate de 2-phénéthyle, nuranone, géraniol, eugénol et recharge pour piège à scarabées japonais.|w(CaOODSP)9.958076
830#0|aProposed registration decision ;|vPRD2025-14.|w(CaOODSP)9.504464
85640|qPDF|s399 KB|uhttps://publications.gc.ca/collections/collection_2025/sc-hc/h113-9/H113-9-2025-14-eng.pdf
8564 |qHTML|sN/A|uhttps://www.canada.ca/en/health-canada/services/consumer-product-safety/pesticides-pest-management/public/consultations/proposed-registration-decisions/2025/2-phenethyl-propionate-nuranone-geraniol-eugenol-japanese-beetle-trap-refill/document.html